LEADER 01556nam 2200313 n 450 001 996393301103316 005 20200824121758.0 035 $a(CKB)4940000000111384 035 $a(EEBO)2240961309 035 $a(UnM)99868705e 035 $a(UnM)99868705 035 $a(EXLCZ)994940000000111384 100 $a19940630d1645 uh | 101 0 $aeng 135 $aurbn||||a|bb| 200 10$aTwo ordinances of the Lords and Commons assembled in Parliament$b[electronic resource] $ethe one for the enabling of the Commissioners of the Great Seale, and the other committees in their severall counties, to tender an oath to all such persons, of what degree or quality soever, that shall come into the protection of the Parliament. Together with the said oath to be taken. The other, for the discharging of the members of both Houses from all places military and civill. Die Sabbathi, 4. April.. [sic] 1645. Ordered by the Lords assembled in Parliament, that these ordinances shall be forthwith printed and published. John Brown Cler. Parliamentorum 210 $aLondon $cprinted for Iohn Wright, in the old Bayley.$dApril 7. 1645 215 $a[2], 6 p 300 $aThe ordinances are dated April 3 and 5, 1645. 300 $aReproduction of the original in the British Library. 330 $aeebo-0018 801 0$bCu-RivES 801 1$bCu-RivES 801 2$bCStRLIN 801 2$bWaOLN 906 $aBOOK 912 $a996393301103316 996 $aTwo ordinances of the Lords and Commons assembled in Parliament$92299709 997 $aUNISA LEADER 01416oas 2200529 a 450 001 9910699225803321 005 20250530213023.0 035 $a(OCoLC)493206208 035 $a(CONSER) 2009231782 035 $a(CKB)5470000002401651 035 $a(EXLCZ)995470000002401651 100 $a20091223b20042020 ua a 101 0 $aeng 135 $aur||||||||||| 181 $ctxt$2rdacontent 182 $cc$2rdamedia 183 $acr$2rdacarrier 200 10$aConnecticut 210 $a[Washington, D.C.] $cCorp. for National and Community Service$d2005-2020 215 $aelectronic text, volumes $cHTML, digital, PDF file 517 1 $aNational service in Connecticut 606 $aVolunteers$zConnecticut$vPeriodicals 606 $aVolunteers$2fast$3(OCoLC)fst01169120 607 $aConnecticut$2fast$1https://id.oclc.org/worldcat/entity/E39PBJkD9jxrm8YFj6Gy74HQv3 608 $aPeriodicals.$2fast 608 $aPeriodicals.$2lcgft 615 0$aVolunteers 615 7$aVolunteers. 676 $a361 801 0$bGPO 801 1$bGPO 801 2$bDLC 801 2$bOCLCQ 801 2$bOCLCF 801 2$bOCLCQ 801 2$bOCLCA 801 2$bOCLCQ 801 2$bOCLCA 801 2$bOCL 801 2$bGPO 801 2$bDLC 801 2$bGPO 801 2$bOCLCL 906 $aDOCUMENT 912 $a9910699225803321 996 $aConnecticut$93153772 997 $aUNINA